Регионална библиотека "Любен Каравелов" - Русе

Скъпи Джон! (Запис номер 84530)

MARC детайли
000 -Лидер
Контролно поле с фиксирана дължина 01255nam a2200349 c 4500
003 - Код на организацията, давaща контролен номер
Контролно поле BLK
005 - Дата и час на последна редакция
Контролно поле 20241026101557.0
008 - Елементи от данни с фиксирана дължина
fixed length control field 180408b bul|||||r ||||||| ||bul||
010 ## - Наследен системен номер
LC control number KNG00089116000
020 ## - Международен стандартен номер на книга ISBN
Международен стандартен номер на книга ISBN 978-954-585-989-2
-- издат.: Бард
040 ## - Източник на каталожния запис
Идентификатор на билиотеката - собственик на записа BLK
041 ## - Код за език
Код за езика на текст/звукозапис или на отделно заглавие Български
Код за езика КДБФ Български
080 ## - УДК
Текстов определител УДК Американска литература (на САЩ)
УДК код - определител по УДК 821.111(73)
УДК определител -312.4
УДК - код + определител 821.111(73)-312.4
100 1# - Редна дума - Автор
Автор Демил, Нелсън
Авторска отговорност първи автор
R(LIN) 59765
139 ## - Редно поле
Редна дума Демил, Нелсън
Авторски знак Дем - Д 40
245 10 - Сведения за заглавието
Заглавие Скъпи Джон!
Подзаглавни данни Роман
Редно поле (дума) Нелсън Демил; прев. Крум Бъчваров.
257 ## - Страна на издаване
Страна на създаване/издаване Съединени американски щати
260 ## - Област на издателските данни
-- София
Име на издателя, разпространителя и проч. Бард
Година на издаване 2009
300 ## - Физическа характеристика
Страници 720 с.
Размери/Мащаб 21 см
380 ## - Жанр
Жанр Худож. лит.
490 1# - СЕРИИ (Колекции)
Име на серия Кралете на трилъра
500 ## - Общи забележки
Забележка Ориг. загл. The Gate House / Nelson Demille. - Продълж. на романа Златният бряг.
653 ## - Ключова дума – ненормативна
Ключова дума крими
653 ## - Ключова дума – ненормативна
Ключова дума романи
700 1# - Други автори (авторска отговорност)
Лично име Бъчваров, Крум
Автороска отговорност (Описва отношението между автора и произведението) прев.
9 (RLIN) 364186
852 ## - Местоположение
Форматна сигнатура Цб 243769
856 4# - Електронен адрес и достъп
Електронен формат pdf - файл
Път до файла /url/
856 4# - Електронен адрес и достъп
Електронен формат pdf - файл
Път до файла /url/
942 ## - АРТИКУЛИ
Вид на библиотечния материал Книги
Скрит в OPAC Не
Koha issues (borrowed), all copies 49
944 ## - СЪЗДАВАНЕ И РЕДАКЦИЯ на ЗАПИСА
Създаване/Редакция Създаване
Дата на регистрацията/редакция 23.04.2009
Статус, дата на статуса Иваничка Йорданова
Служител, извършил регистрацията/редакцията 30553
944 ## - СЪЗДАВАНЕ И РЕДАКЦИЯ на ЗАПИСА
Създаване/Редакция Редакция
Дата на регистрацията/редакция 17.10.2011
Статус, дата на статуса ф /
Служител, извършил регистрацията/редакцията
999 ## - СИСТЕМНИ КОНТРОЛНИ НОМЕРА
Koha biblionumber 84530
Koha biblioitemnumber 84530
Наличности
Код за отписване Код за изгубен артикул Източник на класификационната схема Код за повреда Коз за рестрикции Код за отдаване Артикулен № Име на библиотеката - собственик Име на библиотеката, в която се намира в момента Статус (Текущо местоположение) Дата на вписване в системата Местоположение - отдел Цена в лева Инвентарен номер Систематично азбучна сигнатура Баркод Номер на екземпляра Цена в евро Служебна бележка Служебен тип на артикула
Изтеглен Не е изгубен Universal Decimal Classification Не е повреден без рестрикции заемане за дома 137158 Регионална библиотека "Любен Каравелов" Русе Регионална библиотека "Любен Каравелов" Русе Заемна - подръчен фонд 2009-04-23 Заемна - подръчен фонд 14.99 120000735214 П 820(73)-31/Д 40 120000735214 1 7.66 Дост: Pk Вид: Ф N: 35 Дата: 23.04.2009 Дата инв: 20.02.2018 Бележки инв: П2018 Книги
Изтеглен Не е изгубен   Не е повреден без рестрикции заемане за дома 137159 Регионална библиотека "Любен Каравелов" Русе Регионална библиотека "Любен Каравелов" Русе Заемна - подръчен фонд 2009-04-23 Заемна - подръчен фонд 14.99 120000735215 П 820(73)-31/Д 40 120000735215 2 7.66 Дост: Pk Вид: Ф N: 35 Дата: 23.04.2009 Дата инв: 14.02.2018 Бележки инв: П2018 Книги
Изтеглен Не е изгубен Universal Decimal Classification Не е повреден без рестрикции заемане за дома 137160 Регионална библиотека "Любен Каравелов" Русе Регионална библиотека "Любен Каравелов" Русе Заемна - подръчен фонд 2009-04-23 Заемна - подръчен фонд 14.99 120000735216 П 820(73)-31/Д 40 120000735216 3 7.66 Дост: Pk Вид: Ф N: 35 Дата: 23.04.2009 Книги
  Не е изгубен   Не е повреден без рестрикции ползва се в читалня 137161 Регионална библиотека "Любен Каравелов" Русе Регионална библиотека "Любен Каравелов" Русе Хранилище 2011-07-07 Хранилище 14.99 120000751739 Цб 243769 120000751739 4 7.66 Дост: Dp Вид: Д N: 4 Дата: 24.01.2011 Книги
Vip Innovations Ltd, Rousse, Bulgaria 2025